[Event "US Championships"]
[Site "Saint Louis USA"]
[Date "2010.05.23"]
[EventDate "2010.05.14"]
[Round "9"]
[Result "1/2-1/2"]
[White "Melikset Khachiyan"]
[Black "Samuel Shankland"]
[WhiteElo "2539"]
[BlackElo "2507"]
[PlyCount "108"]

1. c4 Nf6 2. Nc3 e5 3. Nf3 Nc6 4. g3 Nd4 5. Bg2 Nxf3+ 6. Bxf3
Bb4 7. O-O O-O 8. d3 h6 9. Be3 Re8 10. Rc1 c6 11. Qb3 Bf8
12. c5 d5 13. cxd6 Bxd6 14. Ne4 Nxe4 15. Bxe4 Qe7 16. Qc3 Bg4
17. Bf3 Bxf3 18. exf3 a6 19. Qb3 Rad8 20. Rfe1 Bb4 21. Re2 Rd5
22. Rc4 Bd6 23. Bd2 Qd7 24. Rce4 Bb8 25. d4 c5 26. f4 f5
27. Rxe5 Bxe5 28. dxe5 b5 29. Be1 c4 30. Qf3 g6 31. Bb4 Rd1+
32. Kg2 Qd5 33. Qxd5+ Rxd5 34. e6 Rd4 35. f3 a5 36. Bxa5 Rd6
37. e7 Ra6 38. Bb4 Rxa2 39. g4 Kf7 40. Kg3 c3 41. Bxc3 Rxe7
42. Rd2 fxg4 43. Kxg4 Ra1 44. f5 Rg1+ 45. Kh4 gxf5 46. Rd5 Kg6
47. Rxb5 Rf1 48. Rb6+ Kh7 49. Kh5 Rxf3 50. Rxh6+ Kg8 51. Kg5
Rh7 52. Rxh7 Kxh7 53. Be5 Rf1 54. b4 Kg8 1/2-1/2

[Event "USA Junior Championship"]
[Site "St Louis USA"]
[Date "2010.07.11"]
[EventDate "2010.07.10"]
[Round "2"]
[Result "0-1"]
[White "Samuel Shankland"]
[Black "Warren Harper"]
[WhiteElo "2513"]
[BlackElo "2304"]
[PlyCount "56"]

1. d4 Nf6 2. c4 e6 3. Nf3 Bb4+ 4. Bd2 Qe7 5. g3 Nc6 6. Nc3 O-O
7. Bg2 Bxc3 8. Bxc3 Ne4 9. Rc1 a5 10. d5 Nb4 11. Nd4 Nxc3
12. bxc3 Na6 13. O-O e5 14. Nf5 Qf6 15. e4 d6 16. Ne3 Nc5
17. f4 exf4 18. gxf4 Re8 19. Qc2 Bd7 20. Kh1 Re7 21. Rce1 Rae8
22. e5 dxe5 23. f5 e4 24. Ng4 Qg5 25. f6 Bxg4 26. fxe7 f5
27. Qf2 Nd3 28. Qe3 Qxe7 0-1

[Event "USA Junior Championship"]
[Site "St Louis USA"]
[Date "2010.07.12"]
[EventDate "2010.07.10"]
[Round "3"]
[Result "0-1"]
[White "John Daniel Bryant"]
[Black "Samuel Shankland"]
[WhiteElo "2403"]
[BlackElo "2513"]
[PlyCount "114"]

1. e4 c6 2. d4 d5 3. Nc3 dxe4 4. Nxe4 Bf5 5. Ng3 Bg6 6. h4 h6
7. Nf3 Nd7 8. h5 Bh7 9. Bd3 Bxd3 10. Qxd3 e6 11. Bd2 Ngf6
12. O-O-O Be7 13. Kb1 O-O 14. Qe2 c5 15. dxc5 Qc7 16. Nf5 Bxc5
17. N5d4 Rac8 18. Bc1 Qb6 19. Rhg1 Bxd4 20. Nxd4 Nc5 21. Nb3
Nxb3 22. axb3 Rc6 23. g4 Rfc8 24. Be3 Qa5 25. Qd2 Qb5 26. Rc1
a5 27. f3 a4 28. b4 Rc4 29. g5 Nxh5 30. gxh6 g6 31. Rg5 Qxb4
32. c3 Qf8 33. Rh1 Nf6 34. h7+ Nxh7 35. Rg2 R4c7 36. Qc2 e5
37. Qxa4 Qd6 38. Qe4 Rd8 39. Rd2 Qe7 40. Rxd8+ Qxd8 41. Bb6
Qd6 42. Bxc7 Qxc7 43. Kc2 Nf6 44. Qa4 Kg7 45. Qb5 e4 46. fxe4
Qf4 47. Qxb7 Qf3 48. Rh2 g5 49. Qa8 Kg6 50. b4 g4 51. Qh8
Qxe4+ 52. Kb2 Qe3 53. b5 g3 54. Rh3 Qg5 55. Qd8 Qxb5+ 56. Ka3
Qa6+ 57. Kb3 Qe6+ 0-1

[Event "USA Junior Championship"]
[Site "St Louis USA"]
[Date "2010.07.14"]
[EventDate "2010.07.10"]
[Round "5"]
[Result "1-0"]
[White "Samuel Shankland"]
[Black "Tyler Hughes"]
[WhiteElo "2513"]
[BlackElo "2312"]
[PlyCount "120"]

1. d4 Nf6 2. c4 g6 3. Nc3 Bg7 4. Nf3 O-O 5. g3 d6 6. Bg2 Nbd7
7. O-O e5 8. e4 exd4 9. Nxd4 Re8 10. h3 a6 11. Be3 Rb8 12. b3
Qe7 13. a4 a5 14. Re1 Nc5 15. f4 Qf8 16. Bf2 h5 17. Ndb5 Na6
18. Rc1 Bd7 19. e5 dxe5 20. fxe5 Nh7 21. Nxc7 Nxc7 22. Qxd7
Re7 23. Qd2 Rxe5 24. Rxe5 Bxe5 25. Nd5 Nxd5 26. Qxd5 Bc7
27. Rf1 b6 28. Qd7 Bd6 29. Kh1 Ng5 30. Bd5 Qe7 31. Qc6 Qc7
32. Qxc7 Bxc7 33. Be3 Ne6 34. Bxe6 fxe6 35. Rf6 Kg7 36. Rxe6
Kf7 37. Rc6 Bxg3 38. Kg2 Be1 39. Rxb6 Rxb6 40. Bxb6 Ke6
41. Kf3 Ke5 42. Ke2 Bb4 43. Kd3 Be1 44. Bd4+ Ke6 45. Ke4 Bh4
46. Bb6 Be1 47. Be3 Kd6 48. Kf4 Ke6 49. Kg5 Kf7 50. c5 Bg3
51. c6 Bc7 52. Bf4 Bxf4+ 53. Kxf4 Ke6 54. h4 Kd6 55. Kg5 Kxc6
56. Kxg6 Kc5 57. Kxh5 Kb4 58. Kg4 Kxb3 59. h5 Kxa4 60. h6 Kb3
1-0

[Event "USA Junior Championship"]
[Site "St Louis USA"]
[Date "2010.07.15"]
[EventDate "2010.07.10"]
[Round "6"]
[Result "0-1"]
[White "Darwin Yang"]
[Black "Samuel Shankland"]
[WhiteElo "2396"]
[BlackElo "2513"]
[PlyCount "86"]

1. d4 d5 2. c4 c6 3. Nc3 dxc4 4. e3 b5 5. a4 b4 6. Na2 e6
7. Bxc4 Nf6 8. Nf3 Nbd7 9. O-O Bb7 10. Bd2 a5 11. Nc1 c5
12. Nb3 Bd6 13. Qe2 O-O 14. Rfd1 Qb6 15. Be1 Rac8 16. Bb5 cxd4
17. Nfxd4 Ne5 18. f3 Ng6 19. Bf2 h5 20. e4 Qc7 21. g3 h4
22. Rac1 Qb8 23. Rxc8 Rxc8 24. Qe1 Bc7 25. Nc5 Bb6 26. Nxb7
Qxb7 27. Be2 Ne5 28. Nb3 Rc2 29. Rd2 Bxf2+ 30. Kxf2 Qc6
31. Bb5 Qb6+ 32. Ke2 Rxd2+ 33. Nxd2 Qd4 34. b3 Qc3 35. Qf2
hxg3 36. hxg3 Nh5 37. Kf1 g5 38. Kg2 g4 39. f4 Nd3 40. Bxd3
Qxd3 41. f5 e5 42. f6 Nxg3 43. Qe1 Nh5 0-1

[Event "USA Junior Championship"]
[Site "St Louis USA"]
[Date "2010.07.17"]
[EventDate "2010.07.10"]
[Round "7"]
[Result "1-0"]
[White "Samuel Shankland"]
[Black "Eric S Rosen"]
[WhiteElo "2513"]
[BlackElo "2179"]
[PlyCount "81"]

1. d4 d5 2. c4 e6 3. Nf3 Nf6 4. Nc3 Be7 5. Bg5 O-O 6. e3 h6
7. Bh4 b6 8. Rc1 Bb7 9. Bxf6 Bxf6 10. cxd5 exd5 11. b4 c6
12. Bd3 Be7 13. Rb1 Nd7 14. O-O Bd6 15. Qb3 Nf6 16. Nd2 Bc7
17. Be2 Qd6 18. g3 Bc8 19. Qc2 Re8 20. Rfc1 Bd7 21. Bf3 Rac8
22. Rd1 Bg4 23. Bxg4 Nxg4 24. Qf5 Nf6 25. Rdc1 g6 26. Qf3 Kg7
27. Rc2 h5 28. a3 h4 29. Rbc1 Qe6 30. Ne2 hxg3 31. hxg3 Bb8
32. Nf4 Bxf4 33. Qxf4 Rh8 34. Nf3 Qh3 35. Nh4 Qd7 36. b5 cxb5
37. Nf5+ Qxf5 38. Qxf5 gxf5 39. Rxc8 Rh7 40. Ra8 a5 41. Rc6
1-0

[Event "USA Junior Championship"]
[Site "St Louis USA"]
[Date "2010.07.18"]
[EventDate "2010.07.10"]
[Round "8"]
[Result "1/2-1/2"]
[White "Steven Zierk"]
[Black "Samuel Shankland"]
[WhiteElo "2385"]
[BlackElo "2513"]
[PlyCount "101"]

1. e4 c6 2. d4 d5 3. Nc3 dxe4 4. Nxe4 Bf5 5. Ng3 Bg6 6. h4 h6
7. Nf3 Nd7 8. h5 Bh7 9. Bd3 Bxd3 10. Qxd3 e6 11. Bf4 Qa5+
12. Bd2 Bb4 13. c3 Be7 14. c4 Qc7 15. O-O-O Ngf6 16. Ne4 Rd8
17. g3 Nxe4 18. Qxe4 Nf6 19. Qe2 b5 20. Kb1 Qb7 21. Be3 bxc4
22. Qxc4 O-O 23. Ne5 Rc8 24. Rc1 Nd5 25. Nxc6 Bb4 26. Ka1 Bc3
27. bxc3 Rxc6 28. Qd3 Nxc3 29. Bd2 Rfc8 30. Bxc3 Rxc3 31. Rxc3
Qxh1+ 32. Kb2 Rxc3 33. Qxc3 Qxh5 34. Qe3 Qb5+ 35. Kc2 Qd5
36. a3 g5 37. Kd2 h5 38. Ke2 h4 39. gxh4 gxh4 40. Qf4 Qh5+
41. Qf3 Qg5 42. Kf1 Kg7 43. Qh3 a5 44. a4 Qf4 45. Qc3 Kg6
46. Qxa5 h3 47. Qc3 h2 48. Kg2 h1=Q+ 49. Kxh1 Qxf2 50. Qa1
Qf3+ 51. Kh2 1/2-1/2

[Event "USA Junior Championship"]
[Site "St Louis USA"]
[Date "2010.07.19"]
[EventDate "2010.07.10"]
[Round "9"]
[Result "1-0"]
[White "Samuel Shankland"]
[Black "Conrad Holt"]
[WhiteElo "2513"]
[BlackElo "2402"]
[PlyCount "53"]

1. d4 d5 2. c4 c6 3. Nf3 Nf6 4. Nc3 dxc4 5. a4 Bf5 6. Nh4 Bg4
7. h3 Bh5 8. g4 Bg6 9. Nxg6 hxg6 10. e4 e5 11. Bxc4 exd4
12. e5 dxc3 13. Bxf7+ Ke7 14. exf6+ gxf6 15. Qb3 Bh6 16. Bxh6
Rxh6 17. Rd1 Qc8 18. O-O Kf8 19. Rfe1 c2 20. Bg8 Qc7 21. Rd8+
Kg7 22. Rde8 c1=Q 23. Rxc1 Rh8 24. Rce1 Kh6 25. Qe3+ g5
26. Re7 Qd8 27. Qe6 1-0

[Event "Berkeley International"]
[Site "Berkeley USA"]
[Date "2011.01.02"]
[EventDate "2011.01.02"]
[Round "1"]
[Result "0-1"]
[White "Ankit Gupta"]
[Black "Samuel Shankland"]
[WhiteElo "2258"]
[BlackElo "2498"]
[PlyCount "80"]

1. e4 c5 2. Nc3 e6 3. g3 Nc6 4. Bg2 Nf6 5. d3 Be7 6. Nge2 d6
7. O-O a6 8. Be3 Qc7 9. a3 b5 10. b4 cxb4 11. axb4 Bb7 12. Qd2
O-O 13. Rfb1 Rfc8 14. d4 Ng4 15. Bh3 Nxe3 16. fxe3 Bg5 17. Ra3
Qe7 18. Nf4 Rc7 19. Ncd5 exd5 20. Nxd5 Qd8 21. Nxc7 Qxc7
22. Qe2 Re8 23. Qg4 Qe7 24. Bg2 g6 25. h4 Bh6 26. Rbb3 Kg7
27. Kh2 Nb8 28. Rc3 Nd7 29. e5 Bxg2 30. Kxg2 Nb6 31. exd6 Qxd6
32. Rxa6 Qxb4 33. Rc7 Nd5 34. Rxf7+ Kxf7 35. Qf3+ Kg7 36. Qxd5
Qd2+ 37. Kh3 Qxe3 38. Qxb5 Qe4 39. Ra7+ Kg8 40. Qf1 Rf8 0-1

[Event "Berkeley International"]
[Site "Berkeley USA"]
[Date "2011.01.02"]
[EventDate "2011.01.02"]
[Round "2"]
[Result "1-0"]
[White "Samuel Shankland"]
[Black "Roman Yankovsky"]
[WhiteElo "2498"]
[BlackElo "2359"]
[PlyCount "71"]

1. e4 c5 2. Nf3 d6 3. d4 cxd4 4. Nxd4 Nf6 5. Nc3 g6 6. Be3 Bg7
7. f3 O-O 8. Qd2 Nc6 9. O-O-O d5 10. exd5 Nxd5 11. Nxc6 bxc6
12. Bd4 Bxd4 13. Qxd4 Qb6 14. Na4 Qa5 15. b3 Qc7 16. Re1 Rd8
17. Qe5 Qxe5 18. Rxe5 f6 19. Re1 e5 20. Nc5 Kf7 21. g3 Bf5
22. Bc4 Rab8 23. g4 Bc8 24. g5 fxg5 25. Rxe5 Bf5 26. Rd1 Kf6
27. Rde1 Nb6 28. Be6 Re8 29. R5e2 Rbd8 30. Bxf5 Rxe2 31. Rxe2
Kxf5 32. Re7 h5 33. Rxa7 Rd4 34. Rf7+ Ke5 35. Nd3+ Ke6 36. Rc7
1-0

[Event "Berkeley International"]
[Site "Berkeley USA"]
[Date "2011.01.03"]
[EventDate "2011.01.02"]
[Round "3"]
[Result "1/2-1/2"]
[White "Robert Lee Hess"]
[Black "Samuel Shankland"]
[WhiteElo "2572"]
[BlackElo "2498"]
[PlyCount "42"]

1. e4 c6 2. c4 d5 3. cxd5 cxd5 4. exd5 Nf6 5. Nc3 Nxd5 6. Nf3
Nc6 7. d4 Bg4 8. Qb3 Bxf3 9. gxf3 e6 10. Qxb7 Nxd4 11. Bb5+
Nxb5 12. Qc6+ Ke7 13. Qxb5 Nxc3 14. bxc3 Rb8 15. Qc5+ Ke8
16. Qxa7 Bd6 17. Bf4 Bxf4 18. Qa4+ Ke7 19. Qxf4 Qa5 20. O-O g5
21. Qd4 Rhd8 1/2-1/2

[Event "Berkeley International"]
[Site "Berkeley USA"]
[Date "2011.01.03"]
[EventDate "2011.01.02"]
[Round "4"]
[Result "1/2-1/2"]
[White "Samuel Shankland"]
[Black "Davorin Kuljasevic"]
[WhiteElo "2498"]
[BlackElo "2545"]
[PlyCount "53"]

1. d4 d5 2. c4 c6 3. Nf3 Nf6 4. Nc3 dxc4 5. a4 Bf5 6. Nh4 e6
7. Nxf5 exf5 8. e3 Bb4 9. Bxc4 O-O 10. O-O Nbd7 11. Qc2 g6
12. f3 Rc8 13. Kh1 Nb6 14. Bb3 c5 15. dxc5 Rxc5 16. e4 Bxc3
17. bxc3 Nc4 18. exf5 Re8 19. Bg5 Kg7 20. Qf2 Ree5 21. Rad1
Qb6 22. Qh4 Rxf5 23. Bh6+ Kg8 24. Bxc4 Rh5 25. a5 Qc7 26. Qf4
Rxh6 27. Qxh6 1/2-1/2

[Event "Berkeley International"]
[Site "Berkeley USA"]
[Date "2011.01.04"]
[EventDate "2011.01.02"]
[Round "5"]
[Result "1-0"]
[White "Samuel Shankland"]
[Black "Dmitry Zilberstein"]
[WhiteElo "2498"]
[BlackElo "2386"]
[PlyCount "121"]

1. d4 d5 2. c4 e6 3. Nf3 Nf6 4. g3 Bb4+ 5. Bd2 a5 6. Bg2 dxc4
7. O-O Nc6 8. e3 O-O 9. Qe2 Bd6 10. Bc3 Qe7 11. Nbd2 e5
12. dxe5 Nxe5 13. Bxe5 Bxe5 14. Nxc4 Bd6 15. Nd4 Bc5 16. Nb3
a4 17. Nxc5 Qxc5 18. Rfc1 Bg4 19. Qd3 Rfd8 20. Qa3 Qb5 21. Qe7
Rd7 22. Qe5 Qa6 23. b4 c6 24. Qa5 Qxa5 25. bxa5 Rc7 26. Rab1
Be6 27. Rb4 g6 28. Rxa4 Re7 29. Nb6 Rd8 30. h3 Rd2 31. Nc4
Bxc4 32. Rcxc4 Rd1+ 33. Bf1 Nd7 34. Rc2 Ne5 35. Kg2 Red7
36. a3 Rb1 37. Be2 Nd3 38. Bxd3 Rxd3 39. a6 bxa6 40. Rxc6 Rb2
41. Rf4 f5 42. Rc7 Rdd2 43. g4 Rd5 44. gxf5 gxf5 45. Ra7 Rb6
46. Rc4 Rd8 47. Rcc7 Rh6 48. Rg7+ Kh8 49. Rgf7 Rg8+ 50. Kf1
Rxh3 51. Rxf5 Rb8 52. Rff7 Rh6 53. Ke2 Kg8 54. Rg7+ Kh8
55. Rgb7 Re8 56. Re7 Rf8 57. f4 Kg8 58. Kf3 Rh1 59. Rxa6 Rc8
60. Raa7 Rb8 61. a4 1-0

[Event "Berkeley International"]
[Site "Berkeley USA"]
[Date "2011.01.05"]
[EventDate "2011.01.02"]
[Round "7"]
[Result "1-0"]
[White "Samuel Shankland"]
[Black "Axel Bachmann Schiavo"]
[WhiteElo "2498"]
[BlackElo "2548"]
[PlyCount "79"]

1. d4 Nf6 2. c4 e6 3. Nf3 b6 4. g3 Bb7 5. Bg2 Be7 6. O-O O-O
7. d5 Na6 8. Nd4 exd5 9. Nf5 Re8 10. cxd5 Bf8 11. Nc3 c6
12. Bg5 h6 13. dxc6 Bxc6 14. Bxc6 dxc6 15. Qxd8 Raxd8 16. Bxf6
gxf6 17. Rad1 Kh7 18. a3 Nc5 19. f3 a5 20. Nd4 Rd6 21. b4 Re3
22. bxc5 Rxd4 23. Rxd4 Bxc5 24. Rf4 Rxc3+ 25. Kg2 Bxa3 26. Rd1
Rc2 27. Kf1 Bb2 28. Rd7 h5 29. Rxf7+ Kg6 30. Ra7 Be5 31. Re4
Kf5 32. Rh4 Ke6 33. f4 Bc3 34. Rxh5 b5 35. Ra6 Kd7 36. Rc5 a4
37. Raxc6 a3 38. Rc7+ Kd6 39. e4 Rc1+ 40. Ke2 1-0

[Event "Berkeley International"]
[Site "Berkeley USA"]
[Date "2011.01.06"]
[EventDate "2011.01.02"]
[Round "8"]
[Result "1-0"]
[White "Sergey Erenburg"]
[Black "Samuel Shankland"]
[WhiteElo "2600"]
[BlackElo "2498"]
[PlyCount "87"]

1. e4 c5 2. Nf3 d6 3. d4 cxd4 4. Nxd4 Nf6 5. Nc3 a6 6. Be3 e5
7. Nf3 Qc7 8. a4 Be7 9. a5 O-O 10. Be2 Nc6 11. Bb6 Qd7 12. Nd2
d5 13. exd5 Nxd5 14. Nxd5 Qxd5 15. O-O Be6 16. Nc4 Qb5 17. b3
e4 18. Ra4 Qg5 19. Ne3 Bb4 20. Bc4 Rae8 21. Bd5 Bxd5 22. Qxd5
Re5 23. Qd7 Bxa5 24. Qxb7 Bxb6 25. Qxb6 Re6 26. Qb7 a5 27. Rc4
Qg6 28. Nd5 Ne5 29. Rc8 Qg5 30. Nc7 Rd6 31. Rxf8+ Kxf8
32. Qxe4 Rd4 33. Qa8+ Rd8 34. Qe4 Rd4 35. Qb7 g6 36. h3 a4
37. Qa8+ Kg7 38. bxa4 Rc4 39. Ne8+ Kh6 40. Nd6 Rxc2 41. Nxf7+
Nxf7 42. Qf8+ Kh5 43. Qxf7 Kh6 44. Rd1 1-0

[Event "Berkeley International"]
[Site "Berkeley USA"]
[Date "2011.01.08"]
[EventDate "2011.01.02"]
[Round "10"]
[Result "1/2-1/2"]
[White "Daniel Naroditsky"]
[Black "Samuel Shankland"]
[WhiteElo "2419"]
[BlackElo "2498"]
[PlyCount "37"]

1. e4 c6 2. d4 d5 3. e5 Bf5 4. c3 e6 5. Be3 Qb6 6. Qb3 Nd7
7. Nd2 f6 8. f4 g5 9. Ngf3 gxf4 10. Bxf4 Bh6 11. Bxh6 Nxh6
12. exf6 Nxf6 13. Qxb6 axb6 14. h3 Nf7 15. Be2 Rg8 16. g4 Be4
17. Nxe4 Nxe4 18. Bd3 O-O-O 19. Nd2 1/2-1/2

[Event "US Championship (Group B)"]
[Site "Saint Louis USA"]
[Date "2011.04.17"]
[EventDate "2011.04.15"]
[Round "3"]
[Result "1-0"]
[White "Samuel Shankland"]
[Black "Larry M Christiansen"]
[WhiteElo "2512"]
[BlackElo "2586"]
[PlyCount "124"]

1. d4 Nf6 2. c4 e6 3. Nf3 Bb4+ 4. Nbd2 b6 5. a3 Bxd2+ 6. Qxd2
Bb7 7. e3 a5 8. b3 O-O 9. Be2 d6 10. Bb2 Nbd7 11. O-O Qe7
12. b4 Rfd8 13. Rfd1 axb4 14. axb4 Qe8 15. Qe1 h6 16. h3 Ne4
17. Nd2 Nxd2 18. Qxd2 Nf6 19. f3 Qe7 20. Qe1 Nh7 21. Qg3 Nf6
22. Qe1 Nd7 23. Qg3 Nf6 24. Kh2 Nh5 25. Qf2 f5 26. d5 f4
27. dxe6 Qxe6 28. exf4 Nxf4 29. Bf1 Qf7 30. Re1 Bc6 31. Kh1
Rxa1 32. Bxa1 Re8 33. Rxe8+ Bxe8 34. c5 bxc5 35. bxc5 Bd7
36. cxd6 cxd6 37. Qd4 d5 38. Bb2 Be6 39. Kg1 Nh5 40. Qe5 Nf4
41. Bb5 Ng6 42. Qd4 Nf4 43. Kf2 Qc7 44. Bc3 Bf5 45. Bc6 Be6
46. h4 Kh8 47. Bb5 Bf5 48. Bd2 Nh5 49. Bxh6 Qh2 50. Bg5 Ng3
51. Qxd5 Nh1+ 52. Kf1 Ng3+ 53. Kf2 Nh1+ 54. Ke3 Qg1+ 55. Kf4
Bg6 56. Bc4 Qh2+ 57. Ke3 Qb8 58. g4 Qa7+ 59. Kd2 Qb8 60. Qd8+
Qxd8+ 61. Bxd8 Be8 62. Ke3 Bc6 1-0

[Event "US Championship (Knock-Out)"]
[Site "Saint Louis USA"]
[Date "2011.04.26"]
[EventDate "?"]
[Round "2.1"]
[Result "1/2-1/2"]
[White "Samuel Shankland"]
[Black "Robert Lee Hess"]
[WhiteElo "2512"]
[BlackElo "2565"]
[PlyCount "79"]

1. d4 Nf6 2. c4 e6 3. g3 d5 4. Bg2 dxc4 5. Nf3 Bb4+ 6. Bd2 a5
7. O-O O-O 8. Bg5 Nc6 9. e3 Rb8 10. Qc1 h6 11. Bxf6 Qxf6
12. a3 Bd6 13. Qxc4 b5 14. Qxc6 Bb7 15. Qc2 Bxf3 16. Nd2 Bh5
17. Rac1 a4 18. f4 Bg6 19. Be4 Bf5 20. Nf3 Bxe4 21. Qxe4 b4
22. axb4 Rxb4 23. Rf2 Rfb8 24. Ne5 Bxe5 25. fxe5 Qe7 26. Rcf1
Rxb2 27. Rxb2 Rxb2 28. Qa8+ Kh7 29. Qxa4 c5 30. Qc6 cxd4
31. Qe4+ Kg8 32. exd4 Qb7 33. Qxb7 Rxb7 34. h4 Rb3 35. Kg2 Rd3
36. Rf4 g5 37. hxg5 hxg5 38. Rg4 Kh7 39. Rxg5 Rxd4 40. Kf3
1/2-1/2

[Event "World Cup"]
[Site "Khanty-Mansiysk RUS"]
[Date "2011.08.29"]
[EventDate "2011.08.28"]
[Round "1.2"]
[Result "1/2-1/2"]
[White "Samuel Shankland"]
[Black "Peter Leko"]
[WhiteElo "2539"]
[BlackElo "2717"]
[PlyCount "60"]

1. d4 Nf6 2. c4 e6 3. Nf3 c5 4. d5 exd5 5. cxd5 d6 6. Nc3 g6
7. h3 a6 8. a4 Qe7 9. Bf4 Nbd7 10. e3 Bg7 11. Be2 O-O 12. O-O
Ne8 13. Qb3 h6 14. Rfe1 f5 15. Bh2 Rb8 16. Nd2 g5 17. Nc4 Kh8
18. a5 f4 19. Na4 Qf7 20. exf4 gxf4 21. Bf3 Bd4 22. Re4 Qg7
23. Rxf4 Rxf4 24. Bxf4 Ne5 25. Kh1 Bd7 26. Nab6 Bb5 27. Bg3
Qf6 28. Re1 Ng7 29. Nxe5 dxe5 30. Be2 Rd8 1/2-1/2

[Event "Philadelphia Open"]
[Site "Philadelphia"]
[Date "2012.04.04"]
[EventDate "2012.04.??"]
[Round "1.7"]
[Result "0-1"]
[White "William Fisher"]
[Black "Samuel Shankland"]
[WhiteElo "2196"]
[BlackElo "2580"]
[PlyCount "44"]

1. d4 Nf6 2. Nf3 g6 3. Nbd2 Bg7 4. e4 O-O 5. Bd3 d6 6. c3 Nc6
7. d5 Nb8 8. O-O c6 9. c4 b5 10. dxc6 bxc4 11. c7 Qxc7
12. Nxc4 Bb7 13. Qe2 Nbd7 14. Bd2 Nc5 15. Ba5 Qc8 16. e5 Nh5
17. Bd2 Nxd3 18. Qxd3 dxe5 19. Nfxe5 Rd8 20. Qc3 Ba6 21. Rfe1
Bxc4 22. Qxc4 Bxe5 0-1

[Event "Philadelphia Open"]
[Site "Philadelphia"]
[Date "2012.04.05"]
[EventDate "2012.04.??"]
[Round "3.8"]
[Result "0-1"]
[White "Mauricio Arias Santana"]
[Black "Samuel Shankland"]
[WhiteElo "2335"]
[BlackElo "2580"]
[PlyCount "92"]

1. e4 c5 2. Nf3 d6 3. d4 cxd4 4. Nxd4 Nf6 5. Nc3 a6 6. Bg5 e6
7. f4 Qc7 8. Qf3 b5 9. a3 Nbd7 10. O-O-O Bb7 11. g4 Be7
12. Bxf6 Nxf6 13. g5 Nd7 14. f5 e5 15. Nde2 Bxg5+ 16. Kb1 Nf6
17. h4 Bh6 18. Ng3 Rc8 19. Bh3 O-O 20. Rhe1 Qc5 21. Nh5 Nxh5
22. Qxh5 f6 23. Qe2 b4 24. Nd5 bxa3 25. Ne7+ Kh8 26. Nxc8 Rxc8
27. bxa3 Bc6 28. Qd3 Ba4 29. c4 Rb8+ 30. Ka1 Bxd1 31. Rxd1 Be3
32. Rb1 Bd4+ 33. Ka2 Rxb1 34. Kxb1 Qb6+ 35. Kc2 Qb2+ 36. Kd1
a5 37. h5 a4 38. Bg4 h6 39. Be2 Bc5 40. Qc2 Qxa3 41. Bd3 Qa1+
42. Ke2 Qd4 43. Ke1 Qg1+ 44. Kd2 Bb4+ 45. Ke2 a3 46. c5 a2 0-1

[Event "Philadelphia Open"]
[Site "Philadelphia"]
[Date "2012.04.06"]
[EventDate "2012.04.??"]
[Round "4.5"]
[Result "1-0"]
[White "Samuel Shankland"]
[Black "Rafael Felipe Prasca Sosa"]
[WhiteElo "2580"]
[BlackElo "2475"]
[PlyCount "109"]

1. d4 d5 2. c4 c6 3. Nf3 Nf6 4. Nc3 a6 5. c5 g6 6. Bf4 Bg7
7. h3 Bf5 8. e3 O-O 9. Nh4 Bc8 10. Nf3 Bf5 11. Be2 Nbd7
12. O-O Ne4 13. g4 Be6 14. Nd2 Nxd2 15. Qxd2 f5 16. Bg3 Bf7
17. f4 Nf6 18. g5 Ne4 19. Nxe4 dxe4 20. Qc3 Qd7 21. Kf2 Rfb8
22. b4 Bd5 23. Rfb1 Kf7 24. a4 Qe6 25. b5 axb5 26. axb5 Qc8
27. b6 Rxa1 28. Rxa1 Qe6 29. Ra7 Bf8 30. Ke1 Bg7 31. Kd2 Bf8
32. Qb4 Qd7 33. Kc3 Qe6 34. Qa4 Qc8 35. Qa1 Bg7 36. h4 Bf8
37. h5 Bg7 38. Qa4 Bf8 39. h6 Qd8 40. Qa5 Qc8 41. Be1 Qd8
42. Kb4 Be6 43. Bc3 Bd5 44. Bd1 Be6 45. Qa4 Bd5 46. Qa5 Be6
47. Be2 Bd5 48. Ka3 Ke8 49. Kb2 Kf7 50. Qa4 Ke8 51. Bc4 Kf7
52. Bb3 Kg8 53. Rxb7 Rxb7 54. Qxc6 Bxb3 55. Kxb3 1-0

[Event "45th Biel Masters Open"]
[Site "Biel SUI"]
[Date "2012.08.01"]
[EventDate "2012.07.23"]
[Round "9"]
[Result "0-1"]
[White "Gerlef Meins"]
[Black "Samuel Shankland"]
[WhiteElo "2475"]
[BlackElo "2579"]
[PlyCount "176"]

1. d4 Nf6 2. c4 e6 3. Nc3 Bb4 4. e3 O-O 5. Bd3 c5 6. Nf3 b6
7. O-O Bb7 8. a3 Bxc3 9. bxc3 Ne4 10. Nd2 f5 11. f3 Nxd2
12. Bxd2 Nc6 13. Be1 Qe7 14. Bf2 d6 15. e4 fxe4 16. fxe4 e5
17. d5 Na5 18. Qe2 Ba6 19. a4 Qd7 20. h3 Rf7 21. Be3 Raf8
22. Rxf7 Rxf7 23. Qa2 Qe7 24. Qe2 Qh4 25. Bf2 Qg5 26. Be3 Qg6
27. Kh2 Rf6 28. Re1 h6 29. Ra1 Qe8 30. Ra2 Bc8 31. Ra1 Bd7
32. Qd1 Qg6 33. Qe2 Kf8 34. Ra2 Ke8 35. Ra1 Kd8 36. Ra2 Kc7
37. Ra1 Be8 38. Qe1 Rf8 39. Ra2 Bd7 40. Qe2 Qe8 41. Qd1 g5
42. g4 Bc8 43. Kg3 Ba6 44. Qe2 Qf7 45. Bc1 Qf6 46. Kg2 Qg6
47. Kg3 Kb8 48. Rb2 Kc8 49. Ra2 Kd8 50. Rb2 Ke7 51. Ra2 Rh8
52. Qf1 h5 53. Qf5 Qxf5 54. gxf5 Kf6 55. Kf3 Bxc4 56. Bxc4
Nxc4 57. Rg2 Rg8 58. h4 g4+ 59. Ke2 Na5 60. Bg5+ Kf7 61. Rg1
c4 62. Be3 Nb3 63. Rb1 g3 64. Kf3 Rg4 65. Rg1 Rxh4 66. Rxg3
Rh2 67. Rg6 Rc2 68. Rxd6 Rxc3 69. Rd7+ Ke8 70. Rxa7 Nd2+
71. Ke2 Nxe4 72. Bxb6 h4 73. Rh7 h3 74. Bc7 Ng3+ 75. Kd2 Rd3+
76. Kc2 Nxf5 77. Bxe5 Ne3+ 78. Kb2 Nxd5 79. a5 Re3 80. Bd4 Re4
81. Rxh3 Rxd4 82. a6 c3+ 83. Kc2 Rd2+ 84. Kc1 Ra2 85. a7 Rxa7
86. Rh8+ Kd7 87. Rh7+ Ne7 88. Kc2 Rc7 0-1

[Event "45th Biel Masters Open"]
[Site "Biel SUI"]
[Date "2012.08.02"]
[EventDate "2012.07.23"]
[Round "10"]
[Result "1/2-1/2"]
[White "Samuel Shankland"]
[Black "Ivan Saric"]
[WhiteElo "2579"]
[BlackElo "2638"]
[PlyCount "121"]

1. d4 d5 2. c4 c6 3. Nf3 Nf6 4. Nc3 e6 5. Bg5 h6 6. Bh4 dxc4
7. e4 Be7 8. e5 Nd5 9. Bxe7 Qxe7 10. Bxc4 Nxc3 11. bxc3 c5
12. O-O O-O 13. Qe2 cxd4 14. cxd4 b6 15. Rad1 Bb7 16. Nd2 Rd8
17. Ne4 Bxe4 18. Qxe4 Nd7 19. f4 Qb4 20. Bd3 f5 21. exf6 Nxf6
22. Qxe6+ Kh8 23. Qc4 Rxd4 24. Qxb4 Rxb4 25. Bg6 Kg8 26. Rd6
Kf8 27. Re6 Rd8 28. h3 Rbd4 29. g4 Ng8 30. Rfe1 Rd1 31. f5
Rxe1+ 32. Rxe1 Ne7 33. Bh5 Nd5 34. Rd1 Ke7 35. Re1+ Kf6
36. Rd1 Ke7 37. Re1+ Kd6 38. Bf7 Nf6 39. Kf2 Rc8 40. Re6+ Kc5
41. Re7 Kd4 42. Bb3 a5 43. Rxg7 b5 44. Kg3 a4 45. Be6 Rc3+
46. Kh4 Ne4 47. Rg6 Nf2 48. Rxh6 Rxh3+ 49. Kg5 Rxh6 50. Kxh6
Nxg4+ 51. Kg5 Ne5 52. f6 Kc5 53. Kf5 Kd6 54. f7 Nxf7 55. Bxf7
Kc5 56. Ke4 Kb4 57. Kd3 Ka3 58. Kc3 b4+ 59. Kc2 b3+ 60. axb3
axb3+ 61. Kb1 1/2-1/2

[Event "45th Biel Masters Open"]
[Site "Biel SUI"]
[Date "2012.08.03"]
[EventDate "2012.07.23"]
[Round "11"]
[Result "0-1"]
[White "Vladislav Vorotnikov"]
[Black "Samuel Shankland"]
[WhiteElo "2446"]
[BlackElo "2579"]
[PlyCount "84"]

1. d4 Nf6 2. Nf3 g6 3. Nbd2 c5 4. e3 Bg7 5. c3 Qc7 6. Bd3 O-O
7. O-O d5 8. Ne5 Nfd7 9. f4 Nxe5 10. dxe5 Nc6 11. Nf3 Bg4
12. h3 Bxf3 13. Qxf3 Rad8 14. Bd2 Qb6 15. Rab1 f6 16. exf6
Rxf6 17. Qe2 e5 18. c4 exf4 19. cxd5 fxe3 20. Rxf6 Bxf6
21. Bxe3 Re8 22. Qf2 Rxe3 23. Qxf6 c4 24. Kh1 cxd3 25. dxc6
Qxc6 26. Qd8+ Qe8 27. Qxe8+ Rxe8 28. Rd1 Rd8 29. Kg1 Kf7
30. Kf2 Kf6 31. Ke3 Kg5 32. Rxd3 Rxd3+ 33. Kxd3 Kf4 34. Ke2
Kg3 35. Kf1 b5 36. a3 a5 37. Kg1 a4 38. Kf1 g5 39. Kg1 h5
40. Kf1 Kh2 41. Kf2 g4 42. h4 Kh1 0-1